Word Ladder: Middle Eastern Country and Capital Quiz Stats

 Plays Quiz Updated Apr 18, 2017

Support Sporcle.
Go Orange.
Score 0/20 Timer 02:00
0 Plays Today
Clue 4-Letter Word % Correct
• 'Frankly my dear, I don't give a ____' •• DAMN •
97.3%
Slightly wetDAMP
95.9%
'___ is more'LESS
89.4%
Another word for an inclined planeRAMP
86.5%
• Zorro has one •• MASK •
85.4%
An allergic reaction may produce thisRASH
83.5%
Popular TV series from 1972-1983M*A*S*H
82.8%
• Burn the surface of a steak •• SEAR •
82.5%
Beginning stage of a plantSEED
81.8%
Shakespearean KingLEAR
81.5%
Clue 4-Letter Word % Correct
Common storage space for garden toolsSHED
81.3%
Person who prophesies future eventsSEER
79.6%
Founder of SpaceX and co-founder of Tesla MotorsMUSK
79.1%
A grating fileRASP
77.7%
• To use foul language •• CUSS •
76.1%
Many tracts of open groundLEAS
72.9%
Intentionally make unkempt, like hairMUSS
71.2%
Type of pool?CESS
69.1%
Former home of the New York MetsSHEA
56.1%
• In Greek mythology, the mother of Zeus •• RHEA •
38%

Today's Daily Dose

You're not logged in!

Compare scores with friends on all Sporcle quizzes.
OR
Log In
Forgot?

From the Vault

10 States: By Historic Sites

by biggs364

If you're a visual learner, having a map for your history might be helpful.
Remove Ads.
Support Sporcle.
Get the best of Sporcle when you Go Orange. This ad-free experience offers more features, more stats, and more fun while also helping to support Sporcle. Thank you for becoming a member.

Show Comments

Extras

Top Quizzes Today


Score Distribution

Your Account Isn't Verified!

In order to create a playlist on Sporcle, you need to verify the email address you used during registration. Go to your Sporcle Settings to finish the process.

Report this User

Report this user for behavior that violates our Community Guidelines.

Details: